000 01087nas a2200277 4500
001 BR2015005393
003 BR-BrBNA
005 20231205125742.0
007 ta
008 230509b bl.|||p| |||| 00| 00por d
040 _aBR-BrBNA
_bpor
_cBiblioteca Nacional de Agricultura
041 _a(Pt)
072 _aF30
100 1 _aRodrigues, L.R.
100 1 _aBeauvalet, C.S.
100 1 _aMariath, J.E. de A.
111 1 _a16° Congresso Brasileiro de Floricultura e Plantas Ornamentais; 3° Congresso Brasileiro de Cultura de Tecidos de Plantas; 1° Simpósio de Plantas Ornamentais Nativas
_cGoiânia, GO (Brazil)
_d10-15 Sep 2007
245 1 _aIsolamento e cultivo de micrósporos e pólen de feijão: primeiros resultados
650 _aMELHORAMENTO GENÉTICO VEGETAL
650 _aCULTURA IN VITRO
650 _aPHASEOLUS VULGARIS
650 _aEMBRIOGÊNESE
773 0 _tRevista Brasileira de Horticultura Ornamental (Brazil)
_xISSN 1809-6093
_g(Sep 2007), v. 13(Suplemento) p. 309-312
_wBR2015005393
909 _a202311
_bLúcia
_c55
_dLúcia Elande
942 _2AGRIS
_n0
_cANA
999 _c245935
_d245935